01263nam a2200325Ia 450000500170000000700030001700800410002002000180006104000350007904100130011408200200012710000360014724500550018325000370023826400530027530000430032833600270037133700330039833800280043150000340045952100420049353400280053565000240056365000250058765000350061294200120064799900150065995201320067495201310080620220317001600.0ta210813r20162018sp d er 000 0 spa d a9788429151916 aCO-BoRNBPbspaerdacCO-BoRNBP1 aspaheng04a519.5bR67i2221 aRoss, Sheldon M.d1943-eautor 10aIntroducción a la estadísticacSheldon M. Ross aPrimera ediciónbReimpresión 1aBarcelonabEditorial Revertéc2014c2016c2018 axvii, 809 páginasbgráficosc24 cm atextobtxt2rdacontent asin mediaciónbn2rdamedia avolumenbnc2rdacarrier aIncluye índice alfabético aRecomendado para un público adulto  tIntroductory statistics17aEstadística2LEMB17aProbabilidades2LEMB17aMuestreo (Estadística)2LEMB 2ddccBK c7436d7436 00102ddc40708GENaMECASARIbMECASARIcGENd2024-11-10l0o519.2 R67IpBM0001357r2024-11-10 14:28:09tEj.1w2024-11-10yBK 00102ddc40708GENaMEMAPJGAbMEMAPJGAcGENd2025-10-21l0o519.5 R67ipMPJG00762r2025-10-21 20:39:48tEj.1w2025-10-21yBK